The Columbus affair: (Record no. 2360)

MARC details
000 -LEADER
fixed length control field 00611nam a22002057a 4500
005 - DATE AND TIME OF LATEST TRANSACTION
control field 20250117053605.0
008 - FIXED-LENGTH DATA ELEMENTS--GENERAL INFORMATION
fixed length control field 250117b |||||||| |||| 00| 0 eng d
020 ## - INTERNATIONAL STANDARD BOOK NUMBER
International Standard Book Number 978-0-345-52651-9
082 ## - DEWEY DECIMAL CLASSIFICATION NUMBER
Classification number Fic. B534 2012
100 ## - MAIN ENTRY--PERSONAL NAME
Personal name Berry, Steve
245 ## - TITLE STATEMENT
Title The Columbus affair:
Remainder of title a novel /
Statement of responsibility, etc. Steve Berry
260 ## - PUBLICATION, DISTRIBUTION, ETC.
Place of publication, distribution, etc. New York:
Name of publisher, distributor, etc. Ballantine Books,
Date of publication, distribution, etc. c2012
300 ## - PHYSICAL DESCRIPTION
Extent 426p.
541 ## - IMMEDIATE SOURCE OF ACQUISITION NOTE
Accession number 7711 c.1
650 ## - SUBJECT ADDED ENTRY--TOPICAL TERM
Topical term or geographic name entry element Journalists - Fiction
650 ## - SUBJECT ADDED ENTRY--TOPICAL TERM
Topical term or geographic name entry element Quests (Expedition) - Fiction
650 ## - SUBJECT ADDED ENTRY--TOPICAL TERM
Topical term or geographic name entry element Treasure troves - Fiction
650 ## - SUBJECT ADDED ENTRY--TOPICAL TERM
Topical term or geographic name entry element Columbus, Christopher (Fictitious character)
650 ## - SUBJECT ADDED ENTRY--TOPICAL TERM
Topical term or geographic name entry element Adventure fiction
Holdings
Withdrawn status Lost status Source of classification or shelving scheme Damaged status Not for loan Home library Current library Date acquired Total Checkouts Full call number Barcode Date last seen Copy number Price effective from Koha item type
    Dewey Decimal Classification     ctu-moalboal ctu-moalboal 02/02/2024   Fic. B534 2012 7711 01/17/2025 1 01/17/2025 Books-Fiction